00746cam a2200205 a 450000100100000000500170001000800410002704000290006808200170009710000360011424500630015026000530021330000280026665000310029465000350032591000330036004900090039395201210040299900170052300001904120200929165916.0771001s1916 nyua 000 1 eng d aDO-SdBNPbengcLCdBNPHU a813.4bD273b1 aDay, Holman,d1865-1935.94096610aBlow the man down :ba romance of the coast /cHolman Day. aNew York :bHarper & Brothers Publishers,c1916. a461 p. :bil. ;c20 cm. 4aNovela estadounidense9262 4aLiteratura estadounidense9263 aCatalogación derivada / LC aBNGR 001054708MOaGRbGRcCTd2010-05-24iLF1l0o813.4 D273bp19041-10r2020-06-25w2020-06-25y4ZPréstamo en sala c18559d18559